|
|
|
|
| LEADER |
00000nab a2200000 a 4500 |
| 001 |
vtls000926237 |
| 003 |
SK-MaSNL |
| 005 |
20260303234125.0 |
| 008 |
040720e19990619xo 0 slo |
| 035 |
|
|
|a KE35114
|
| 040 |
|
|
|a KEVKJB
|b slo
|c KEVKJB
|e AACR2
|
| 041 |
0 |
|
|a slo
|
| 044 |
|
|
|a xo
|c SK
|
| 080 |
|
|
|a 556.166
|2 1981
|
| 080 |
|
|
|a 627.51
|2 1981
|
| 100 |
0 |
|
|a (ver)
|c (iný)
|4 aut
|9 164677
|
| 245 |
1 |
0 |
|a Východ Slovenska opäť čelí prietržiam mračien
|b Prudké dažde poškodzujú cesty, pivnice a ničia majetky
|
| 650 |
0 |
7 |
|a povodne
|2 KEVKJB
|9 15273
|
| 650 |
0 |
7 |
|a prietrže mračien
|2 KEVKJB
|9 881331
|
| 650 |
0 |
7 |
|a informácie
|2 KEVKJB
|9 1285
|
| 651 |
|
7 |
|a Košický samosprávny kraj (Slovensko)
|2 KEVKJB
|9 195425
|
| 651 |
|
7 |
|a Prešovský samosprávny kraj (Slovensko)
|2 KEVKJB
|9 23301
|
| 651 |
|
7 |
|a KE,
|2 KEVKJB
|9 877256
|
| 655 |
|
7 |
|a periodikum
|2 snkbucl
|9 29553
|
| 773 |
0 |
8 |
|t Nový čas
|g Roč. 9
|g Roč. 28, č.140, 19.6.1999, s. 7
|
| 852 |
|
|
|a ZVYKNI
|b KIS3GCP
|
| 999 |
|
|
|c 2519332
|d 2521262
|